书目信息 |
| 题名: |
多维教程 通达
|
|
| 作者: | 张振中 主编 | |
| 分册: | ||
| 出版信息: | 北京 高等教育出版社 1999.12 |
|
| 页数: | 419页 | |
| 开本: | 26cm | |
| 丛书名: | ||
| 单 册: | ||
| 中图分类: | H31 | |
| 科图分类: | ||
| 主题词: | 英语 | |
| 电子资源: | ||
| ISBN: | 7-04-007481-8 | |
| 000 | 00585nam0 2200205 450 | |
| 001 | 0534856354 | |
| 005 | 20050330145115.02 | |
| 010 | @a7-04-007481-8@dCNY 25.00 | |
| 100 | @a20050330d1999 km y0chiy0120 ea | |
| 101 | 0 | @achi |
| 102 | @aCN@b110000 | |
| 200 | 1 | @a多维教程 通达@Aduo wei jiao cheng tong da@f张振中主编@Fzhang zhen zhong zhu bian |
| 210 | @a北京@c高等教育出版社@d1999.12 | |
| 215 | @a419页@d26cm | |
| 300 | @a研究生英语系列教程 | |
| 606 | 0 | @a英语 |
| 690 | @aH31@v3 | |
| 701 | 0 | @a张振中@Azhang zhen zhong@4主编 |
| 801 | 0 | @aCN@bPFT@c20050330 |
| 905 | @a10447@dH31@eZ2401 | |
| 多维教程 通达/张振中主编.-北京:高等教育出版社,1999.12 |
| 419页;26cm |
| 研究生英语系列教程 |
| ISBN 7-04-007481-8:CNY 25.00 |
| ● |
| 相关链接 |
|
|
|
正题名:多维教程 通达
索取号:H31/Z2401
 
预约/预借
| 序号 | 登录号 | 条形码 | 馆藏地/架位号 | 状态 | 备注 |
| 1 | 440291 | 204402912 | 语言库209/209语言库 90排4列6层/ [索取号:H31/Z2401] | 在馆 | |
| 2 | 440292 | 204402921 | 语言库209/209语言库 90排4列6层/ [索取号:H31/Z2401] | 在馆 | |
| 3 | 440293 | 204402930 | 语言库209/209语言库 90排4列6层/ [索取号:H31/Z2401] | 在馆 |